00362nam a2200145Ia 4500003000400000005001700004008004100021040000700062041000800069082002100077100003000098245003000128260004500158365001300203OSt20230518150832.0210423s2001 xx 000 0 und d cAL aeng a423.1 223bKRIC aKIRKPATRICK (Betty),Comp. aConcise oxford thesaurus. aNew DelhibOxford University Pressc2001 b300cINR